000 00324nam a2200145Ia 4500
008 100122s9999 xx 000 0 und d
082 _b51814
_a1
100 _aDEAN
245 _aACTIVITY BOOK
260 _bDEAN & SON LTD
_c1990
300 _a125
630 _aACTIVITY BOOK
730 _aACTIVITY BOOK
942 _cBOOK
999 _c375827
_d375824